World invisible trade
Zapisane w:
| Format: | Książka |
|---|---|
| Język: | Undetermined |
| Wydane: |
London
Committee on Invisible Exports
1976
|
| Hasła przedmiotowe: | |
| Etykiety: |
Dodaj etykietę
Nie ma etykietki, Dołącz pierwszą etykiete!
|
| Thư viện lưu trữ: | Trung tâm Học liệu Trường Đại học Cần Thơ |
|---|
| LEADER | 00454nam a2200169Ia 4500 | ||
|---|---|---|---|
| 001 | CTU_81309 | ||
| 008 | 210402s9999 xx 000 0 und d | ||
| 082 | |a 382.1 | ||
| 082 | |b W927 | ||
| 245 | 0 | |a World invisible trade | |
| 260 | |a London | ||
| 260 | |b Committee on Invisible Exports | ||
| 260 | |c 1976 | ||
| 650 | |a Invisible items of trade | ||
| 650 | |x Statistics | ||
| 904 | |i Trọng Hải | ||
| 980 | |a Trung tâm Học liệu Trường Đại học Cần Thơ | ||